Mort subite Les origines des Miss France depuis 2000 - Statistiques

Statistiques générales
  • Ce quiz a été pris 368 fois
  • Le résultat moyen est 9 sur 17
Answers on the Grid
Answers color-coded by a green-red scale on the quiz's grid according to % correct below.
2000/ Sonia Rolland / Bourgogne
2001/ Elodie Gossuin / Picardie
2002/ Sylvie Tellier / Lyon
2003/ Corinne Corman / Guadeloupe
2004/ Laetitia Bléger / Lorraine
2005/ Cindy Fabre / Picardie
2006/ Alexandra Rosenfeld / Languedoc
2007/ Rachel Legrain-Trapani / Paris
2008/ Valérie Bègue / Martinique
2009/ Chloé Mortaud / Aquitaine
2010/ Malika Ménard / Normandie
2011/ Laury Thilleman / Alsace
2012/ Delphine Wespiser / Alsace
2013/ Marine Lorphelin / Bourgogne
2014/ Flora Coquerel / Guadeloupe
2015/ Camille Cerf / Nord-Pas-de-Calais
2016/ Iris Mittenaere / Nord-Pas-de-Calais
2017 / Alicia Aylies / Guyane
2018/ Maëva Coucke / Nord-Pas-de-Calais
2019/ Vaimalama Chaves / Tahiti
2020/ Clémence Botino / Martinique
2021/ Amandine Petit / Ile-de-France
2022/ Diane Leyre / Ile-de-France
2023/ Indira Ampiot / Guadeloupe
2024/ Eve Gilles / Nord-Pas-de-Calais
2025/ Angélique Angarni-Filopon / Martinique
 
Statistiques - réponses
Réponse % Correct
2016/ Iris Mittenaere / Nord-Pas-de-Calais
71%
2019/ Vaimalama Chaves / Tahiti
67%
2024/ Eve Gilles / Nord-Pas-de-Calais
65%
2015/ Camille Cerf / Nord-Pas-de-Calais
64%
2018/ Maëva Coucke / Nord-Pas-de-Calais
64%
2022/ Diane Leyre / Ile-de-France
62%
2012/ Delphine Wespiser / Alsace
59%
2025/ Angélique Angarni-Filopon / Martinique
57%
2013/ Marine Lorphelin / Bourgogne
54%
2002/ Sylvie Tellier / Lyon
53%
2023/ Indira Ampiot / Guadeloupe
53%
2017 / Alicia Aylies / Guyane
52%
2010/ Malika Ménard / Normandie
46%
2001/ Elodie Gossuin / Picardie
40%
2006/ Alexandra Rosenfeld / Languedoc
32%
2000/ Sonia Rolland / Bourgogne
29%
2003/ Corinne Corman / Guadeloupe
28%
Aucun quiz correspondant
Distribution des résultats
% des personnes avec chaque résultat
Percentile par nombre de réponses
Votre historique - résultats
Vous n’avez pas pris ce quiz